000 00473cam a2200193ua 4500
001 9012
008 150219n ii |||gr||||Z||||||asm
020 _a9789381139851
040 _cMAIN
041 _aasm
082 _a491.451
100 _aSarma, A.,
_eAuthor.
245 1 _aSamhati aru asomiya bhasha
_cBy Anuradha Sarma
250 _a1st.
260 _aGuwahati:
_bBhabani,
_c2012.
300 _a262p.
653 _aEast Indo-European & Celtic languages
942 _cBK
999 _c8103
_d8103